Moholy-Nagy emlékezete [fényképpel] /
Elmentve itt :
| Szerző: | |
|---|---|
| Dokumentumtípus: | Cikk |
| Megjelent: |
1970-07-19
|
| Sorozat: | Délmagyarország
60 No. 168 |
| Kulcsszavak: | Moholy-Nagy László, Festészet magyar életrajz |
| Online Access: | http://dmarchiv.bibl.u-szeged.hu/62725 |
| LEADER | 00499nab a2200157 i 4500 | ||
|---|---|---|---|
| 001 | delm62725 | ||
| 005 | 20180927151243.0 | ||
| 008 | 180927s1970 hu o 0|| hun d | ||
| 040 | |a SZTE Délmagyarország Archívum |b hun | ||
| 041 | |a hun | ||
| 100 | 1 | |a Szelesi Zoltán | |
| 245 | 1 | 0 | |a Moholy-Nagy emlékezete |h [elektronikus dokumentum] : |b [fényképpel] / |c Szelesi Zoltán |
| 260 | |c 1970-07-19 | ||
| 300 | |a 7 | ||
| 490 | 0 | |a Délmagyarország |v 60 No. 168 | |
| 695 | |a Moholy-Nagy László, Festészet magyar életrajz | ||